|
|
|
|
| LEADER |
00000cam a2200000 a 4500 |
| 001 |
vtls001074781 |
| 003 |
SK-MaSNL |
| 005 |
20260301153134.0 |
| 008 |
250414s1994 xo 00000 slo |
| 015 |
|
|
|a SNBA1994/04
|
| 020 |
|
|
|a 8096710389
|
| 035 |
|
|
|a SNK000017613
|
| 040 |
|
|
|a SNK
|b slo
|c SNK
|e AACR2
|
| 041 |
1 |
|
|a slo
|h eng
|
| 044 |
|
|
|a xo
|c SK
|
| 080 |
|
|
|a 242+243:232.9
|2 1981
|
| 080 |
|
|
|a 243
|2 1981
|
| 080 |
|
|
|a 232.9
|2 1981
|
| 100 |
1 |
|
|a Klaus, Kenneth R.,
|d 1948-2023
|4 aut
|9 255313
|
| 245 |
1 |
0 |
|a S láskou na kríži
|c Kenneth R. Klaus
|
| 260 |
|
|
|a Bratislava
|b Slovenské evanjelizačné stredisko pre masmédiá
|c 1994
|e Bratislava
|f Monitor
|
| 300 |
|
|
|a 84 s.
|c 21 cm
|
| 500 |
|
|
|a Preložené z angličtiny
|
| 600 |
0 |
7 |
|a Ježiš Kristus
|2 SNKMA
|
| 655 |
|
7 |
|a modlitby
|2 SNKPH
|9 70550
|
| 655 |
|
7 |
|a náboženské úvahy
|2 SNKPH
|9 277880
|
| 710 |
0 |
|
|a Slovenské evanjelizačné stredisko pre masmédiá
|4 trl
|9 33331
|
| 852 |
|
|
|a Slovenská národná knižnica
|
| 919 |
|
|
|a 80-967103-8-9
|
| 954 |
|
|
|a duchovná literatúra cudzojazyčná (svetová)
|2 lita
|
| 958 |
|
|
|a APR
|
| 958 |
|
|
|a TL
|
| 958 |
|
|
|a OP
|
| 958 |
|
|
|a NS
|
| 968 |
|
|
|b ENG
|d [Z angl. orig.]
|
| 999 |
|
|
|c 791649
|d 793579
|
| 952 |
|
|
|t P60, <04>, [BOOK], {604}
|a SNK
|b SNK
|y VYP
|7 0
|p 17A0248505
|o snkSC 85663 D1
|0 0
|1 0
|4 0
|d 2000-08-24
|l 0
|r 2004-12-31 00:00:00
|w 2026-02-24
|
| 952 |
|
|
|a SNK
|b SNK
|y PREZ
|7 0
|p 17A0995658
|o snkSC 85663
|0 0
|1 0
|4 0
|d 2012-08-15
|l 0
|r 2026-02-24 01:40:21
|w 2026-02-24
|